LIBRARY & INFORMATION CENTRE, KCAET, TAVANUR

ONLINE PUBLIC ACCESS CATALOGUE (OPAC)

Tractor / (Record no. 6006)

MARC details
000 -LEADER
fixed length control field 00633cam a2200265ua 4500
041 ## - LANGUAGE CODE
Language code of text/sound track or separate title mal
082 ## - DEWEY DECIMAL CLASSIFICATION NUMBER
Classification number 631.372
Item number KON/TR
100 ## - MAIN ENTRY--AUTHOR NAME
Personal name Konrda, Joachim .
245 ## - TITLE STATEMENT
Title Tractor /
250 ## - EDITION STATEMENT
Edition statement 1 /
260 ## - PUBLICATION, DISTRIBUTION, ETC. (IMPRINT)
Place of publication Thiruvananthapuram :
Name of publisher State Instititute of Languages ,
Year of publication 1973.
300 ## - PHYSICAL DESCRIPTION
Number of Pages 241 ; .
942 ## - ADDED ENTRY ELEMENTS (KOHA)
Koha item type Books
Holdings
Withdrawn status Lost status Damaged status Home library Current library Date acquired Full call number Accession Number Koha item type
      KAUAET KAUAET 07/04/2012 631.372 KON/TR 14144 Books
      KAUAET KAUAET 07/04/2012 631.372 KON/TR 14146 Books
      KAUAET KAUAET 07/04/2012 631.372 KON/TR 13627 Books
      KAUAET KAUAET 07/04/2012 631.372 KON/TR 13808 Books
      KAUAET KAUAET 07/04/2012 631.372 KON/TR 13805 Books
      KAUAET KAUAET 07/04/2012 631.372 KON/TR 14143 Books
      KAUAET KAUAET 07/04/2012 631.372 KON/TR 13806 Books
      KAUAET KAUAET 07/04/2012 631.372 KON/TR 14145 Books
Withdrawn     KAUAET KAUAET 16/11/2023 631.372 KON/TR 13807 Books
free website counter